Normal view
MARC view
- بقلم الصابوني، محمد علي
Entry Personal Name
001 - CONTROL NUMBER
- control field: 62068
003 - CONTROL NUMBER IDENTIFIER
- control field: JO-AjAnu
005 - DATE AND TIME OF LATEST TRANSACTION
- control field: 20230606084135.0
008 - FIXED-LENGTH DATA ELEMENTS
- fixed length control field: 230606|| aca||aabn | a|a d
040 ## - CATALOGING SOURCE
- Original cataloging agency: JO-AjAnu
- Transcribing agency: JO-AjAnu
100 ## - HEADING--PERSONAL NAME
- Personal name: بقلم الصابوني، محمد علي
670 ## - SOURCE DATA FOUND
- Source citation: Work cat.: (JO-AjAnu)31655: بقلم الصابوني، محمد علي, author, التبيان في علوم القرآن: محاضرات في علوم القرآن تبحث عن نزولة وتدوينه وجمعه واعجازه وعن التفسير والمفسرين مع رد شبهات المستشرقين باسلوب يجمع بين الجدة والتحقيق